Golf Terms - Statistics

General Stats
  • This quiz has been taken 126 times
  • The average score is 9 of 11
Answer Stats
Hint Answer % Correct
1 strokes under par Birdie
99%
2 strokes under par Eagle
96%
1 stroke over par Bogey
95%
2 strokes over par Double bogey
93%
A shot to the far right Slice
88%
A shot to the far left Hook
87%
An unoffical do-over shot Mulligan
86%
3 strokes under par Albatross
85%
Another name for a hole-in-one Ace
73%
Scoring 8 on a hole Snowman
31%
What a ball buried in the sand is called Fried egg
30%
No matching quizzes found
Score Distribution
Percent of People with Each Score
Percentile by Number Answered
Your Score History
You have not taken this quiz